000 00761nam a2200241 4500
001 44776
010 _a9789727951503
021 _b366475/13
090 _a44776
100 _a20140121d2013 m y0pory5003 ba
101 0 _apor
102 _aPT
200 1 _aLaços de família
_econtos
_fClarice Lispector
_gposf. Carlos Mendes de Sousa
205 _a3.ª ed.
210 9 _aLisboa
_cCotovia,
_d2013
215 _a157, [2] p.
_d21 cm
225 2 _aCurso breve de literatura brasileira
_v11
675 _a821.134.3(81)-34"19"
_vBN
_zpor
700 1 _aLispector,
_bClarice,
_f1920-1977
702 1 _aSousa,
_bCarlos Mendes de
_4075
801 0 _aPT
_bBN
_gRPC
856 4 1 _uhttp://rnod.bnportugal.gov.pt/ImagesBN/winlibimg.aspx?skey=&doc=1861939&img=37669&save=true
990 _cLIVROS